Представление документа в формате MARC21

Поле Инд. ПП Название Значение
Тип записи a
Библиографический уровень b
001 Контрольный номер RU/IS/BASE/504021086
005 Дата корректировки 20200522191752.5
008 Кодируемые данные 20151221
040 b Код языка каталог. rus
e Правила каталог. PSBO
041 0_ a Код языка текста rus
084 a Индекс другой классификации/Индекс ББК 87.25; 87.3(0); 81в
100 1_ a Автор Лысенко В. Г.
q Полное имя Лысенко Виктория Георгиевна
245 10 a Заглавие Понятие варна в индийской мысли и атомистический подход
504 a Библиография Библиогр. - Примеч.: с. 177 - 178
520 0_ a Аннотация В статье предпринята попытка рассмотреть роль варны как предельной единицы ("атома") сегментации речи. Сравнив ее с ролью фонемы в современной фонологии, автор показывает, что варна, хотя по большинству своих характеристик и совпадает с фонемой, все же не тождественная ей. Рассматриваются различные переводы термина "варна", соответствующие разным контекстам - фонетическому (индивидуальный артикулированный звук), метафизическому ( архетип звука) и метатеоретическому, или классификационному (имя класса). Осуществляется сравнение парадокса смыслопорождающей функции варн и букв у грамматиста Патанджали и в диалоге Платона "Теэтет"
600 a Персоналии Платон
a Персоналии Патанджали
650 14 a Основная рубрика гносеология (эпистемология)
a Основная рубрика история философии
a Основная рубрика филологические науки
a Основная рубрика философия
a Основная рубрика философия науки
a Основная рубрика философия языка
a Основная рубрика философские науки
a Основная рубрика языкознание
653 a Ключевые слова атомизм
a Ключевые слова Древняя Греция
a Ключевые слова Индия
a Ключевые слова лингвистика
a Ключевые слова методология науки
a Ключевые слова понятие "варна"
a Ключевые слова санскрит
a Ключевые слова фонема
a Ключевые слова фонология
773 08 t Заглавие источника Вопросы философии
d Дата издания источника 2015
g Прочая информация № 5. - С. 168 - 178
w Контрольный № источника RU/IS/BASE/487094272
901 t Тип документа b